01615nab a22003017a 4500999001500000003000400015005001700019008004100036040000700077100003100084245015300115260007300268300001500341500003800356505038800394505008200782650002300864650002600887650002200913650003500935650004000970650003301010650002901043650002601072700004201098773016001140942001301300 c5632d5632OSt20251223004550.0190429b xxu||||| |||| 00| 0 spa d cPJ 96604aGutiérrez, Ramiro 10aHabeas cogitationem : bla protección de la mente y el pensamiento en épocas de riesgo tecnológico /cRamiro Gutiérrez, José A. Marinaro.  cCiudad Autónoma de Buenos Aires :aThomson Reuters La Ley, b2025. ap. 245-252 a Cita: TR LALEY AR/DOC/2851/2025. aSumario: I. Introducción.— II. Sobre las nuevas rutas regulatorias.— III. Sobre los organismos internacionales.— IV. Sobre la libertad de pensamiento como sustrato básico y omnicomprensivo.— V. Sobre el Principio de Precaución y las dinámicas evolutivas neurotecnológicas.— VI. Argentina da el paso hacia una nueva garantía. Presentación del proyecto de ley.  tSi te interesa el texto completo, solicitalo a koha@justierradelfuego.gov.ar  09343aDERECHO PENAL 092082aHÁBEAS CORPUS 092072aHABEAS DATA 093637aTUTELA JUDICIAL EFECTIVA 09179aGARANTIAS CONSTITUCIONALES › 096605aINFORMACIÓN SENSIBLE 091214aLIBERTAD DE CULTOS 094193aPROYECTO DE LEY 96590aMarinaro, José Angelecoautor0 0265893164tRevista de derecho penal y criminología. Nº 11 - Diciembre 2025dCiudad Autónoma de Buenos Aires : Thomson Reuters La Ley, 2017-x00347914 2udccANA